Baltimore Orioles 2025 Roster - Statistics

General Stats
  • This quiz has been taken 93 times
  • The average score is 14 of 37
Answer Stats
Jersey # Answer % Correct
2 Gunnar Henderson
93%
35 Adley Rutschman
83%
31 Cedric Mullins
81%
7 Jackson Holliday
81%
6 Ryan Mountcastle
72%
17 Colton Cowser
67%
11 Jordan Westburg
61%
74 Felix Bautista
59%
3 Jorge Mateo
57%
32 Ryan O'Hearn
54%
29 Ramon Urias
46%
16 Coby Mayo
43%
9 Tyler O'Neill
43%
78 Yennier Cano
43%
24 Zach Eflin
41%
13 Heston Kjerstad
39%
99 Gary Sanchez
37%
30 Grayson Rodriguez
35%
64 Dean Kremer
33%
50 Charlie Morton
31%
38 Kyle Bradish
31%
65 Gregory Soto
30%
56 Seranthony Dominguez
30%
19 Tomoyuki Sugano
30%
15 Dylan Carlson
28%
45 Keegan Akin
28%
12 Ramon Laureano
26%
37 Cade Povich
24%
39 Andrew Kittredge
22%
43 Bryan Baker
20%
98 Maverick Handley
20%
68 Tyler Wells
17%
49 Albert Suarez
11%
26 Emmanuel Rivera
11%
80 Jordyn Adams
6%
51 Matt Bowman
4%
53 Cody Poteet
0%
No matching quizzes found
Score Distribution
Percent of People with Each Score
Percentile by Number Answered
Your Score History
You have not taken this quiz